000 00764nam a2200217 i 4500
001 139711
003 ES-MaACL
005 20230906195901.0
007 t|
008 070214s1968 sp r ||||1| spa d
100 1 _aSchillebeekx, Edward.
_9187142
245 1 3 _aEl matrimonio
_b: realidad terrenal y misterio de salvación /
_cEdward Schillebeekx ; [tradujo Alfonso López Caballero].
_n, . I.
260 _aSalamanca :
_bSígueme,
_c1968.
300 _a1 v. ;
_c22 cm.
490 1 _aColección Lux Mundi ;
_v22
650 4 _aMatrimonio-
_xAspectos religiosos-
_xIglesia Católica.
_9165939
700 1 _aLópez Caballero, Alfonso.
_973474
830 0 _aColección Lux Mundi ;
_v22
_9220260
852 _aES-MaACL
_jP-1389
_bR.68148
999 _c139711
_d139711